000 02978nam0a2200469 4500
001 RU\NLR\BIBL_A\012129466
005 20250809113218.0
020 _aRU
_9Ленинград в Великой Отечественной войне. Коллекция. Призывы
035 _a(NLR Aleph) 012129466
090 _a68252
_c68252
100 _a20191029d1943 u y0rusy50 ca
101 0 _arus
102 _aRU
105 _ay z 000zy
135 _acrcn 024anaba
200 1 _aТоварищи ленинградцы! В дни предоктябрьского социалистического соревнования направим все свои силы и энергию на быстрое и образцовое завершение подготовки промышленности и городского хозяйства к предстоящей зиме!
_e[призыв]
210 _a[Ленинград]
_cЛениздат
_d[1943]
215 _a1 л.
_d31х47
300 _aЗаказ 5155
325 _aКопия доступна в Электрон. б-ке РНБ
517 1 _aВ дни предоктябрьского социалистического соревнования направим все свои силы и энергию на быстрое и образцовое завершение подготовки промышленности и городского хозяйства к предстоящей зиме!
606 1 _aВеликая Отечественная война
_z1941 - 1945
_xВоенная пропаганда советская
_jЛистовые издания
_2nlr-sh2
_3RU\NLR\AUTH\6601662801
606 1 _aВеликая Отечественная война
_z1941 - 1945
_xПризывы и обращения к населению
_jЛистовые издания
_2nlr_sh1
_3RU\NLR\AUTH\66181712
606 1 _aБлокада Ленинграда
_z1941 - 1944
_jЛистовые издания
_2nlr_sh1
_2nlr_sh2
_3RU\NLR\AUTH\661253360
686 0 _aЦ35(2)722-442.3
852 _aNLR
_jII Л3-330пр./21/3-7
856 0 _uhttps://vivaldi.nlr.ru/lk000010637/view
856 1 _uhttps://vivaldi.nlr.ru/lk000010637/cover
856 2 _uhttps://vivaldi.nlr.ru/lk000010637/text
942 _cVISUAL
945 _aРоссийская национальная библиотека
980 _aNB
980 _aBV
980 3 _akppriz
980 3 _akp2020
980 3 _akp
981 3 7 _a(37) Ленинград в Великой Отечественной войне
_b(37) Призывы к населению